Регионална библиотека "Любен Каравелов" - Русе

В страната на откривателите (Запис номер 136521)

MARC детайли
000 -Лидер
Контролно поле с фиксирана дължина 02063nam a2200409 c 4500
003 - Код на организацията, давaща контролен номер
Контролно поле BLK
005 - Дата и час на последна редакция
Контролно поле 20220623155933.0
008 - Елементи от данни с фиксирана дължина
fixed length control field 180409b bul|||||r ||||||| ||bul||
010 ## - Наследен системен номер
LC control number KNG00142466000
040 ## - Източник на каталожния запис
Идентификатор на билиотеката - собственик на записа BLK
041 ## - Код за език
Код за езика на текст/звукозапис или на отделно заглавие Български
Код за езика КДБФ Български
080 ## - УДК
Текстов определител УДК Мислене. Представа - Абстракция. Подбор. Сравнение. Размисъл. Преценка. Мнение. Умозаключение. Индукция. Дедукция. Евристика. Мислене и говорене. Рефлексия (психол.)
УДК код - определител по УДК 159.955
УДК - код + определител 159.955
080 ## - УДК
Текстов определител УДК Наука. Наукознание. Организация на умствения труд
УДК код - определител по УДК 001
УДК - код + определител 001
100 1# - Редна дума - Автор
Автор Попова, Павлина
Авторска отговорност първи автор
R(LIN) 375181
139 ## - Редно поле
Редна дума Попова, Павлина
Авторски знак Попов - П 76
245 10 - Сведения за заглавието
Заглавие В страната на откривателите
Редно поле (дума) Павлина Попова; ил. Стоян Дуков.
257 ## - Страна на издаване
Страна на създаване/издаване България
260 ## - Област на издателските данни
Име на издателя, разпространителя и проч. Нар. младеж
Година на издаване 1971
Място на издаване, разпространение и проч. София
300 ## - Физическа характеристика
Страници 188 с.
Илюстрации и др. с ил., факс., 2 л. ил.
Размери/Мащаб 25 см
380 ## - Жанр
Жанр Философия
490 ## - СЕРИИ (Колекции)
Име на серия Поредица Радар : Книги за най-новото в науката и техниката
№: серия 2
9 (RLIN) 206655
500 ## - Общи забележки
Забележка 7 125 тир. - Научно-популярен очерк за творческото мислене - залог за науч. открития.
650 #4 - Допълнително описание по предмет – тема
Основно описание – тема или топоним Мислене - психология
9 (RLIN) 251239
650 #4 - Допълнително описание по предмет – тема
Основно описание – тема или топоним Евристика
9 (RLIN) 154159
650 #4 - Допълнително описание по предмет – тема
Основно описание – тема или топоним Научноизследователска работа
9 (RLIN) 273077
653 ## - Ключова дума – ненормативна
Ключова дума мислене
653 ## - Ключова дума – ненормативна
Ключова дума психология
653 ## - Ключова дума – ненормативна
Ключова дума евристика
653 ## - Ключова дума – ненормативна
Ключова дума научноизследователска работа
653 ## - Ключова дума – ненормативна
Ключова дума научни открития
700 1# - Други автори (авторска отговорност)
Лично име Дуков, Стоян
Автороска отговорност (Описва отношението между автора и произведението) ил.
9 (RLIN) 325379
852 ## - Местоположение
Форматна сигнатура Цб 60207
856 4# - Електронен адрес и достъп
Електронен формат pdf - файл
856 4# - Електронен адрес и достъп
Електронен формат pdf - файл
999 ## - СИСТЕМНИ КОНТРОЛНИ НОМЕРА
Koha biblionumber 136521
Koha biblioitemnumber 136521
942 ## - АРТИКУЛИ
Вид на библиотечния материал Книги
Скрит в OPAC Не
Периодичен библиозапис Да
944 ## - СЪЗДАВАНЕ И РЕДАКЦИЯ на ЗАПИСА
Създаване/Редакция Създаване
Дата на регистрацията/редакция 26.04.2013
Статус, дата на статуса 26.04.2013 - от С1,Р / 26.04.2013
Служител, извършил регистрацията/редакцията Радостина_Карадакова
944 ## - СЪЗДАВАНЕ И РЕДАКЦИЯ на ЗАПИСА
Създаване/Редакция Редакция
Дата на регистрацията/редакция 26.04.2013
Статус, дата на статуса 26.04.2013 - от С1,Р / 26.04.2013
999 ## - СИСТЕМНИ КОНТРОЛНИ НОМЕРА
Koha biblioitemnumber 136521
Наличности
Код за отписване Код за изгубен артикул Източник на класификационната схема Код за повреда Коз за рестрикции Код за отдаване Артикулен № Име на библиотеката - собственик Име на библиотеката, в която се намира в момента Статус (Текущо местоположение) Дата на вписване в системата Местоположение - отдел Цена в лева Инвентарен номер Систематично азбучна сигнатура Баркод Номер на екземпляра Цена в евро Служебна бележка Служебен тип на артикула
  Не е изгубен Universal Decimal Classification Не е повреден само за читалня ползва се в читалня 223162 Регионална библиотека "Любен Каравелов" Русе Регионална библиотека "Любен Каравелов" Русе Хранилище 1971-01-01 Хранилище 0.00 103338 Цб 60207 120000103338 1 0.00 Дата: 01.01.1971 Книги
Изтеглен Не е изгубен Universal Decimal Classification Не е повреден без рестрикции заемане за дома 223163 Регионална библиотека "Любен Каравелов" Русе Регионална библиотека "Любен Каравелов" Русе Детски отдел 1971-01-01 Детски отдел 0.54 103555 ДН 1/П 76 103555 2 0.28 Дата: 01.01.1971 Дата инв: 26.08.2015 Бележки инв: Д2015 Книги
Изтеглен Не е изгубен Universal Decimal Classification Не е повреден без рестрикции заемане за дома 223164 Регионална библиотека "Любен Каравелов" Русе Регионална библиотека "Любен Каравелов" Русе Заемна - подръчен фонд 1971-01-01 Заемна - подръчен фонд 0.54 103709 П 159.9/П 76 103709 3 0.28 Дата: 01.01.1971 Дата инв: 01.02.2018 Бележки инв: П2018 Книги
Vip Innovations Ltd, Rousse, Bulgaria 2025